Friends S10 Quiz - Statistics

General Stats
  • This quiz has been taken 41 times
  • The average score is 5 of 10
Answer Stats
Hint Answer % Correct
What is the starting letter of the shape that Emma's cake was? P
95%
How many of a tan does Ross get on his back? 8
79%
What does Ross turn the inappropriate cake into? Bunny
71%
What is the last line of the show? Where?
71%
Who is Ross's girlfriend? Charlie
55%
What state do Monica and Chandler go to but get held up at Emma's party? Vermont
47%
What country is the tanning man from where Ross gets his tan? Puerto Rico
42%
Who does answer 1 dump Ross for? Benjamin Hobart
26%
What town do Monica and Chandler buy a house in? Westchester
26%
Who is the voice of underdog? Wally Cox
11%
No matching quizzes found
Score Distribution
Percent of People with Each Score
Percentile by Number Answered
Your Score History
You have not taken this quiz